000 00748nam a2200217 4500
008 201207b ||||| |||| 00| 0 eng d
040 _bger
_cDE-2950
_erda
_aDE-2950
041 _ager
100 _aSchröder, Karen:
245 _aAssimilation und Ausgrenzung - Die Geschichte der Juden im Fußball in Berlin und Brandenburg /
_cHenry Wahlig
264 _c2023
490 _aDie Mark Brandenburg
_vHeft 128: Fußball in Brandenburg
653 _aBrandenburg <Land>
653 _aFußball
653 _aJuden
773 _dBerlin: Die Mark Brandenburg - Verlag für Regional- und Zeitgeschichte
_g(2023) Heft 128, S. 32-35: Abb.
_tDie Mark Brandenburg
942 _cA
999 _c372514
_d372514